An Investigation of some Common Negative Transfer in Essay Writing Made by Second and Third-year Students at the University of Danang- College of Language Studies

Đã lưu trong:
Sonraí Bibleagrafaíochta
Príomhúdar: Ngô, Lan Nhi
Formáid: Leabhar
Teanga:English
Foilsithe: DHNN 2014
Ábhair:
Clibeanna: Cuir Clib Leis
Gan Chlibeanna, Bí ar an gcéad duine leis an taifead seo a chlibeáil!
Thư viện lưu trữ: Mạng thư viện Đại học Đà Nẵng
LEADER 00965cam a22003011a 4500
001 000041284
003 17584
005 20170424000000.0
008 170424s2014 vm 000 eng
041 |a eng 
082 |a 378  |b NG-N 
100 |a Ngô, Lan Nhi 
245 |a An Investigation of some Common Negative Transfer in Essay Writing Made by Second and Third-year Students at the University of Danang- College of Language Studies  |c Ngô Lan Nhi 
260 |a DHNN  |c 2014 
300 |a 54tr . : ill ; 30cm 
650 |a Common Negative Transfer in Essay Writing Made by Second and Third-year Students. 
852 |b Chuyên đề  |c Luận văn sinh viên 2 
OWN |a LNN 
999 |a From the UDN01 
TYP |a Monograph 
TYP |a Printed language 
980 |a Mạng thư viện Đại học Đà Nẵng